000 00635nam a2200277Ia 4500
005 20260324120527.0
008 008 260324s9999 xx 000 0 eng d
020 _a9781315095158
037 _aEBOOK
040 _aCRL
040 _beng
040 _cCRL
041 _2eng
041 _aeng
084 _qCRL
100 _aStephen Forcer
_91158921
245 0 _aDada as Text, Thought and Theory
260 _bTaylor and Francis
260 _c2015
365 _a
365 _b145
856 _uhttp://www.taylorfrancis.com/books/9781315095158
942 _cEBOOK
999 _c1750514
_d1750514